|
|
|
|
| LEADER |
01089nam a2200277 a 4500 |
| 001 |
28430 |
| 008 |
141019r20132010nyu 000 1 eng d |
| 010 |
|
|
|a 91050715
|
| 020 |
|
|
|a 9847002001137
|
| 040 |
|
|
|a DLC
|c DLC
|d DLC
|d OCoLC
|d DLC
|d BD-DhAAL
|
| 050 |
0 |
0 |
|a PR6019.O9
|b P63 1993d
|
| 082 |
0 |
0 |
|a 823/.912
|2 20
|
| 100 |
1 |
|
|a Joyce, James,
|d 1882-1941.
|
| 245 |
1 |
2 |
|a A portrait of the artist as a young man /
|c James Joyce.
|
| 260 |
|
|
|a Dhaka :
|b Friends Book Corner,
|c 2010 [Reprinted 2013]
|
| 300 |
|
|
|a lxxxiv, 316 p. ;
|c 18 cm.
|
| 490 |
|
0 |
|a Friends Classics
|
| 500 |
|
|
|a With a detailed introduction -FBC editorial board
|
| 541 |
|
|
|a 28430
|
| 650 |
|
0 |
|a Young men
|x Fiction.
|
| 650 |
|
0 |
|a Artists
|x Fiction.
|
| 651 |
|
0 |
|a Dublin (Ireland)
|x Fiction.
|
| 655 |
|
7 |
|a Autobiographical fiction.
|2 gsafd
|
| 655 |
|
7 |
|a Bildungsromane.
|2 gsafd
|
| 999 |
|
|
|c 32962
|d 32962
|
| 952 |
|
|
|0 0
|1 0
|4 0
|6 823_912000000000000_JOY
|7 0
|9 43897
|a BRACUL
|b BRACUL
|c GEN
|d 2014-10-21
|e Friends Book Corner
|g 100.00
|l 8
|m 59
|o 823.912 JOY
|p 3010028430
|r 2026-03-04
|s 2025-10-21
|t 1
|w 2014-10-21
|y BK
|x Transferred from BIL to BRACUL on 06/06/22
|